<?xml version="1.0" encoding="UTF-8"?>
<collection xmlns="http://www.loc.gov/MARC21/slim">
 <record>
  <leader>01401nam a2200217Ia 4500</leader>
  <controlfield tag="001">TDMU_6971</controlfield>
  <controlfield tag="008">210410s9999    xx            000 0 und d</controlfield>
  <datafield tag="082" ind1=" " ind2=" ">
   <subfield code="a">579</subfield>
  </datafield>
  <datafield tag="090" ind1=" " ind2=" ">
   <subfield code="b">B534</subfield>
  </datafield>
  <datafield tag="100" ind1=" " ind2=" ">
   <subfield code="a">BuÌ€i, Xuân ĐôÌ€ng</subfield>
  </datafield>
  <datafield tag="245" ind1=" " ind2="0">
   <subfield code="a">Vi nâÌm duÌ€ng trong công nghêÌ£ sinh hoÌ£c</subfield>
  </datafield>
  <datafield tag="245" ind1=" " ind2="0">
   <subfield code="c">BuÌ€i Xuân ĐôÌ€ng, NguyêÌƒn Huy Văn</subfield>
  </datafield>
  <datafield tag="260" ind1=" " ind2=" ">
   <subfield code="a">H.</subfield>
  </datafield>
  <datafield tag="260" ind1=" " ind2=" ">
   <subfield code="b">Khoa hoÌ£c vaÌ€ kyÌƒ thuâÌ£t</subfield>
  </datafield>
  <datafield tag="260" ind1=" " ind2=" ">
   <subfield code="c">2000</subfield>
  </datafield>
  <datafield tag="300" ind1=" " ind2=" ">
   <subfield code="a">201tr.</subfield>
  </datafield>
  <datafield tag="520" ind1=" " ind2=" ">
   <subfield code="a">GiơÌi thiêÌ£u kiêÌn thưÌc vêÌ€ vi sinh vâÌ£t vaÌ€ công nghêÌ£ sinh hoÌ£c phuÌ£c vuÌ£ viêÌ£c đaÌ€o taÌ£o trong vaÌ€ trên đaÌ£i hoÌ£c ơÌ‰ caÌc trươÌ€ng chuyên ngaÌ€nh vi sinh vâÌ£t, laÌ€m taÌ€i liêÌ£u tham khaÌ‰o đôÌi vơÌi caÌc caÌn bôÌ£ giaÌ‰ng daÌ£y, nghiên cưÌu sinh hoÌ£c, công nghêÌ£ sinh hoÌ£c vaÌ€ nhưÌƒng ngươÌ€i công taÌc chuyên môn liên quan</subfield>
  </datafield>
  <datafield tag="650" ind1=" " ind2=" ">
   <subfield code="a">Vi nâÌm trong công nghêÌ£ sinh hoÌ£c; Sinh hoÌ£c; Vi nâÌm; Vi sinh vâÌ£t; Công nghêÌ£ sinh hoÌ£c</subfield>
  </datafield>
  <datafield tag="700" ind1=" " ind2=" ">
   <subfield code="a">NguyêÌƒn, Huy Văn</subfield>
  </datafield>
  <datafield tag="856" ind1=" " ind2=" ">
   <subfield code="u">http://lrc.tdmu.edu.vn/opac/search/detail.asp?aID=2&amp;ID=6971</subfield>
  </datafield>
  <datafield tag="980" ind1=" " ind2=" ">
   <subfield code="a">Trung tâm Học liệu Trường Đại học Thủ Dầu Một</subfield>
  </datafield>
 </record>
</collection>
